| 000 | 00379 a2200157 4500 | ||
|---|---|---|---|
| 001 | 152838 | ||
| 040 | _cEscola São Tomás de Aquino | ||
| 100 | _aBOUCHONY, Anne | ||
| 240 | 1 | 0 |
_aO clima : ventos e nuvens _lpor |
| 245 | 1 | 0 | _aO clima : ventos e nuvens |
| 300 | _a45 | ||
| 362 | 0 | _a1998 | |
| 440 | 1 | _aMelhoramentos | |
| 697 | _aCIÊNCIAS NATURAIS E MATEMÁTICA | ||
| 942 | _cBK | ||
| 999 |
_c152838 _d152838 |
||